La Universidad de Belgrano /

Guardado en:
Autor Corporativo: Universidad de Belgrano.
Formato: Deslizar
Materias:
Etiquetas: Agregar Etiqueta
Sin Etiquetas, Sea el primero en etiquetar este registro!
LEADER 00922ngm a22002175g 4500
001 CEM.cems022347
008 130507b1998##################0###0#####d
005 20241029154009.0
245 1 0 |a La Universidad de Belgrano /  |c Universidad De Belgrano. 
300 |a 12'. 
500 |a En soporte VHS, consultar en ventanilla. 
505 0 |a Palabras del Rector, Dr. Avelino Porto. Fundación de la Universidad de Belgrano. Infraestructura y finalidades. Cantidad de alumnos, docentes y no docentes. Desarrollo académico y tecnológico. Educación a distancia. 
538 |a Soporte: VHS - Norma: Pal N - Color: Si - Grabación DRD 1998 - Hitachi=0000 
110 2 |a Universidad de Belgrano. 
082 3 0 |/ BEL 
653 |a EDUCACION 
653 |a UNIVERSIDAD 
653 |a UNIVERSIDAD DE BELGRANO 
653 |a NIVEL PRIMARIO 
653 |a NIVEL SECUNDARIO 
859 |a CEMS  |b BIB. CEMS - Depto. Recursos Didacticos  |h 306  |i BEL  |k DRD  |p 990.12  |t Ej.1